Les plus gros partenaires commerciaux - Inde - Statistiques

Statistiques générales
  • Ce quiz a été pris 101 fois
  • Le résultat moyen est 19 sur 27
Statistiques - réponses
exportations Imports pays % Correct
21.7 bil 61.6 bil Chine
100%
4.82 bil France
99%
40.3 bil 20.5 bil Etats-Unis
98%
4.53 bil Japon
95%
8.89 bil Royaume-Uni
92%
7.02 bil 11.8 bil Allemagne
88%
13.9 bil Indonésie
88%
9.41 bil Australie
87%
6.97 bil 21.3 bil Arabie Saoudite
86%
13.1 bil Corée du Sud
84%
5.52 bil 3.33 bil Bangladesh
79%
4.89 bil 9.56 bil Malaisie
78%
29.9 bil 20.3 bil Émirats arabes unis
77%
7.81 bil 7.40 bil Singapour
77%
4.44 bil Turquie
75%
6.23 bil Iran
73%
9.64 bil Qatar
71%
5.36 bil Viêt Nam
70%
5.50 bil Sri Lanka
67%
4.88 bil Pays-Bas
65%
6.28 bil Afrique du Sud
64%
5.01 bil 8.34 bil Belgique
54%
11.3 bil Irak
54%
5.92 bil Koweït
49%
21.1 bil Suisse
47%
10.2 bil Nigeria
21%
6.64 bil Venezuela
4%
Aucun quiz correspondant
Distribution des résultats
% des personnes avec chaque résultat
Percentile par nombre de réponses
Votre historique - résultats
Vous n’avez pas pris ce quiz